00219nam a2200097Ia 4500008004100000041000800041100001300049245003000062650001000092999001900102230605s9999 xx 000 0 und d aeng aLilicrap aFood And Beverage service aF. B. c416984d416984